| 000 | 00982nmm a2200277 a 4500 | ||
|---|---|---|---|
| 001 | ocm000652800 | ||
| 003 | TR-IsHL | ||
| 005 | 20201028142532.0 | ||
| 008 | 140104s2002 tu tur | ||
| 007 | cr cn | ||
| 020 | _a9789756628379 | ||
| 035 |
_a652800 _b(N$T) |
||
| 050 | 0 | 4 |
_aPK9201.M27 _bZ4519 2002 |
| 090 | 0 | 4 |
_aPK9201.M27 _bZ4519 2002 |
| 100 | 1 | _aMamakayev, Mohmad | |
| 245 | 1 | 0 |
_aZelimhan: bir Çeçen halk kahramanının zulme karşı mücadelesinin gerçek öyküsü _h[electronic resource] / _cMohmad Mamakayev ; çev. Tarık Cemal Kutlu |
| 260 |
_aİstanbul : _bAnka Yayınları, _c2002 |
||
| 300 | _a340 p. | ||
| 650 | 4 | _aDil ve Edebiyat | |
| 650 | 4 | _aLanguage and Literature | |
| 650 | 0 | _aÇeçen romanı | |
| 650 | 0 | _aChechen fiction | |
| 650 | 7 |
_aLITERARY COLLECTIONS / Russian & Former Soviet Union _2bisacsh |
|
| 700 | 1 | _aKutlu, Tarık Cemal | |
| 856 | 4 | 0 | _uhttp://search.ebscohost.com/login.aspx?direct=true&scope=site&db=e011xww&AN=652800 |
| 999 |
_c8406 _d8406 |
||